Super Smash Bros. DLCs - Statistics

General Stats
  • This quiz has been taken 19 times
  • The average score is 10 of 13
Answer Stats
Fighter Pack Fighter Pack 2 Answer % Correct
X Joker
95%
X Steve
95%
X Sora
89%
X Kazuya
84%
Single Single Piranha Plant
84%
X Terry
84%
X Hero
79%
X Banjo and kazooie
74%
X Pyra
74%
X Sephiroth
74%
X Byleth
68%
X Min min
68%
X Mythra
68%
No matching quizzes found
Score Distribution
Percent of People with Each Score
Percentile by Number Answered
Your Score History
You have not taken this quiz